01728nam a2200325 a 4500001001000000003000900010005001700019007000300036008004100039040002500080082002200105100003800127245006900165260011500234300001800349500008500367504005600452505009800508590002700606650004600633650003100679910003700710942001400747952010800761952012300869952012900992952013801121952012601259999001701385000022401DO-SdBNP20250411120643.0ta101007s1988 dr 001 0 spa d aDO-SdBNPbspacBNPHU a271.53bS522j2221 a Sáez , José Luisd1937-962014aLos jesuitas en la República Dominicana /cJosé Luis Sáez. aSanto Domingo :bMuseo de Historia y GeografíabArchivo Histórico de las Antillas,c1988.fAmigo del hogar a2v. ;c24 cm. aIncluye cronología histórica de la Compañía de Jesús de Santo Domingo. aIncluye bibliografía y notas al pie de páginas.2 tv. 1: Los primeros veinticinco años (1936-1961) --tv. 2: Hacia el medio siglo (1962-1986). aInventariado, 2018/ YL 4aJesuítas 92793zRepública Dominicana 4aJesuítasxHistoria92794 aValidado. Control de calidad EMS 2ddccLBS1 0010718PDaPDbPDcHDd2010-10-11iLF1l0ov. 2p22401-40r2020-06-25w2020-06-25yLFPDZNo se presta 0010718PDaPDbPDcHDd2010-10-07iLF1l0o271.53 S522j | v. 1p22401-10r2020-06-25w2020-06-25yLFPDZNo se presta 0010718PDaPDbPDcHDd2010-10-07iLF1l0o271.53 S522j | v. 1, e. 2p22401-20r2020-06-25w2020-06-25yLFPDZNo se presta 001054708PDaPDbPDcHDd2010-10-11iLF1l0o271.53 S522j | v. 1, e. 3p22401-30r2020-06-25w2020-06-25yLFPDZPréstamo en sala 00102ddc56708DSaBNPHUbBNPHUcCTd2023-02-09l0oBNPHU DS 271.53 S522jp2023-0796r2023-02-09te.5w2023-02-09yLBS1 c21899d21899